Statistiques concernant Les Finales de Roger Federer dans les Tournois du Grand Chelem

Cliquez ici pour prendre le quiz!

Statistiques générales

  • Ce quiz a été pris 73 fois
  • Le résultat moyen est 8 sur 13

Statistiques - réponses

Réponse% Correct
Novak Djokovic
100%
Rafael Nadal
100%
Andy Murray
90%
Juan Martín del Potro
74%
Andre Agassi
69%
Andy Roddick
68%
Marin Čilić
66%
Robin Söderling
65%
Lleyton Hewitt
56%
Marat Safin
47%
Mark Philippoussis
28%
Fernando González
25%
Márcos Baghdatís
25%

Distribution des résultats

Percentile par nombre de réponses

% des personnes avec chaque résultat

Votre développement - résultats

Vous n’avez pas pris ce quiz